00510 2200181 4500001002100000005001500021035002000036082000800056084001400064100002200078245009000100250000600190260003400196300003000230600001000260856004500270990001300315INLIS00000000000178420250506090013 a0010-0525000076 a813 a813 DR. c0 aDR. Dale Carnegis1 aCara Mencapai sukses dalam Memperluas Pengaruh dan Pandai Bicara /cDR. Dale Carnegis a1 aBandung :bPionir Jaya,c2007 a291 hlm :bIlust ;c21 cm 4aFiksi aRuang Baca Umum No Klas 800 ( Rak 3,4,5) a07.12294